Państwa graniczące z Brazylią - Statystyki

Ogólne statystyki
  • Ten quiz został rozwiązany 10 razy
  • Średni wynik to 9 z 10
Statystyki odpowiedzi
odpowiedź % Poprawnych
Argentyna
100%
Kolumbia
100%
Paragwaj
100%
Peru
100%
Boliwia
89%
Gujana
89%
Urugwaj
89%
Wenezuela
89%
Francja
78%
Surinam
78%
Nie znaleziono quizów pasujących do podanych kryteriów
Rozkład punktacji
Procent ludzi z każdym wynikiem
Percentyl według liczby udzielonych odpowiedzi
Twoja historia wyników
Nie rozwiązałeś tego quizu